000 01519nam a2200457 a 4500
001 20440
003 VRT
005 20260122140900.0
008 961209q1995 xo g p 000 p slo c
020 _a8088834260 (brož.)
035 _aUKB000210389
039 9 _a201304081301
_bgluc
_c201304081253
_dgluc
040 _aBAA001
_bslo
_cBAA001
_eAACR2
041 1 _aslo
_hita
_heng
044 _axo
_cSK
080 _a820-193.2
080 _a850-193.2
100 1 _aPetrarca, Francesco,
_d1304-1374
243 1 0 _aRenesančná poézia
245 1 0 _aSonety
_bvýber z renesančnej poézie
_cFrancesco Petrarca, Michelangelo Buonarroti, William Shakespeare ; [prel. Viliam Turčány ... et al.]
260 _aRohovce
_bInterpopulart Slovakia
_c[1995]
300 _a91 s.
490 1 _aPopulart. Študentská knižnica
_v27
500 _aRenesančná poézia
504 _aBibliogr. s. 90
650 0 7 _aliteratúra anglická renesančná
650 0 7 _aliteratúra talianska renesančná
650 0 7 _asonety
653 _a820-193.2
653 _a850-193.2
700 0 _aMichelangelo Buonarroti
_d1475-1564
_4aut
700 1 _aShakespeare, William,
_d1564-1616
_4aut
700 1 _aTurčány, Viliam,
_d1928-
_4trl
760 1 _tPopulart. Študentská knižnica
830 0 _aPopulart. Študentská knižnica
_v27
910 _aukb
942 _2ddc
_cKLDO
_n0
949 _61800009252
_a30.D.66679
_bPV.5673-96
949 _61800009251
_aSL.D.24702
_bPV.5674-96
949 _61800065037
_a30.D.66679
_bNA.237-99
999 _c20440
_d20440